000 00404nam a2200169Ia 4500
001 20844
003 IN-NITTTR
005 20251114233238.0
008 251113s9999||||xx |||||||||||||| ||eng||
040 _beng
040 _cIN-NITTTR
041 _aeng
082 _a006.303 S64C
100 _aSmith, Raoul
245 0 _aCollins dictionary of artificial intelligence /
_cSmith, Raoul
942 _2ddc
_cBK
999 _c23474
_d23474